|
|
|
|
| LEADER |
00000nab a22000007a 4500 |
| 001 |
vtls010673535 |
| 003 |
SK-MaSNL |
| 005 |
20260304184536.0 |
| 008 |
250708s1959 xo |||||||||||||||||slo| |
| 035 |
|
|
|a (urnnbn)urn:nbn:sk:snk:ar-a06inh
|
| 035 |
|
|
|a (uuid)32d587c7-5f70-4404-8262-80ade755f56c
|
| 035 |
|
|
|a urn:nbn:sk:snk-ab19aw
|
| 040 |
|
|
|a SNKBUCL
|b slo
|c SNKBUCL
|e AACR2
|
| 041 |
0 |
|
|a slo
|
| 044 |
|
|
|a xo
|c SK
|
| 100 |
1 |
|
|a Kubovič, F
|4 aut
|9 1049774
|
| 245 |
1 |
0 |
|a PRÍSPEVOK K PROBLÉMOM BOJA PROTI NÁBOŽENSKÝM PREŽITKOM
|c F. Kubovič
|
| 773 |
0 |
|
|t Slovenský filozofický časopis : Slovenskej akadémie vied
|g Roč. 14, č. 1 (1959), s. 34-47
|
| 850 |
|
|
|a Slovenská národná knižnica
|
| 852 |
|
|
|a Slovenská národná knižnica
|
| 954 |
|
|
|a odborná, vedecká literatúra pôvodná (slovenská)
|2 lita
|
| 958 |
|
|
|a article
|
| 958 |
|
|
|a OND
|
| 958 |
|
|
|a EUIPO
|
| 999 |
|
|
|c 3038696
|d 3040626
|